000 00521nam a22001817a 4500
003 OSt
005 20140506093621.0
008 140506b xxu||||| |||| 00| 0 eng d
020 _a9780745603674
050 _aRT 86.5
_b.So665 2005
245 _aSociology for Nurses /
_cedited by: Elaine Denny & Sarah Earle.
260 _aUK :
_bC & E Publishing, Inc.,
_cc2005.
300 _ax. 310 p. :
_bill. ;
_c22 cm.
650 _aNursing
_xSocial aspects.
650 _aSocial medicine.
942 _2lcc
_cBK
999 _c115793
_d115793